000 00925nam a22002651 4500
001 134564
003 ES-MaACL
005 20250814071047.0
007 t|
008 070912s1948 mx ||||0| spa d
016 7 _zIND2000944537
_zBNE20001890109
_zIND2000944408
040 _aM-BN
_bspa
_cCDM
080 _a911.3:32
100 1 _aWhittlesey, Derwent.
_9116721
245 1 0 _aGeografía política /
_cDerwent Whittlesy ; traducción de Julio Le Riverend.
250 _a1ª ed. en español.
260 _aMexico :
_bFondo de Cultura Económica,
_c[1948] (
_fGráf. Panamericana)
300 _a676 p., 1 h., 1 h. de map. pleg :
_bmapas ;
_c24 cm.
490 1 _aSección de obras de geografía
650 1 7 _aGeografía política
_2embne
_913083
700 1 _aLe Riverend, Julio.
_970919
830 0 _aSección de obras de geografía
_9219858
852 _aES-MaACL
_jF-5157
_bR.26755
999 _c134564
_d134564